| 000 | 00736nam a2200241Ia 4500 | ||
|---|---|---|---|
| 999 |
_c49635 _d49635 |
||
| 001 | 16567 | ||
| 003 | GE_BSU | ||
| 005 | 20200131132308.0 | ||
| 008 | 181216s||||||||xx |||||||||||||| ||und|| | ||
| 020 | _aISBN 9781593634315 (pbk.) | ||
| 040 | _cGE_BSU | ||
| 080 | _a372.94 | ||
| 100 |
_aMichell R. Davis, Vincent P.Culotta,eric a.levine,&Elisabeth Hess _96623 |
||
| 245 | _aSchool success for kids with emotional and behavioral disorders | ||
| 260 | _aWaco, Tex. | ||
| 260 | _bPrufrock Press | ||
| 260 | _c2011 | ||
| 300 | _axv, 297 p; ill;23 cm | ||
| 541 | _h54gel. | ||
| 653 | _aSchool success for kids with emotional and behavioral disorders | ||
| 653 | _aსწავლა-განათლება | ||
| 942 |
_cBK _2udc |
||